00422 2200169 4500245004600000020001800046250001100064100001600075700001600091650001700107005001900124260004100143041001400184084001300198300003200211336000900243 aDarling Knights Vol. 4cShoji, YokohText a979-20-1127-7 aCet. 1 aShoji, Yoko aM. Gunarsah aKomik Jepang a20230531090456 aJakartabElex Media Komputindoc1999 aIndonesia a741.5592 a... jil. :bilus. ;c17 cm. atext